| 000 | 00546nam a2200217Ia 4500 | ||
|---|---|---|---|
| 003 | 0100 | ||
| 008 | 130307s9999 xx 000 0 und d | ||
| 040 | _cARRUPELIB | ||
| 050 | _aBT80.P34132 1970 | ||
| 100 | _aPannenberg, Wolfhart | ||
| 245 | _aBasic questions in theology | ||
| 260 | _aLondon | ||
| 260 | _bSCM Press | ||
| 260 | _c1970 | ||
| 300 | _a3v. | ||
| 300 | _b23 cm. | ||
| 650 | _bFood supply -- Zimbabwe | ||
| 650 | _cAgriculture -- Economic aspects -- Zimbabwe | ||
| 650 | _dAgriculture and state -- Zimbabwe | ||
| 942 | 0 | 0 | _03 |
| 999 |
_c94804 _d94804 |
||